000 00355nam a2200145Ia 4500
008 191201s2005 xx 000 0 und d
082 _a621.3192
_bCHN
100 _aCHOUDHARY, D Roy
245 0 _aNetworks and Systems
250 _a1st
260 _aN.Delhi
_bNew Age International Pub
_c2005
300 _a922
650 _aB.Tech(ECE)
942 _2ddc
_cBK
999 _c1014
_d1014